|
|
|
|
| LEADER |
00000nam0a2200000 4500 |
| 001 |
302531 |
| 005 |
20231102001519.0 |
| 010 |
|
|
|a 9785991662727
|
| 035 |
|
|
|a (RuTPU)RU\TPU\book\327738
|
| 090 |
|
|
|a 302531
|
| 100 |
|
|
|a 20150824d2016 m y0rusy50 ca
|
| 101 |
0 |
|
|a rus
|
| 102 |
|
|
|a RU
|
| 105 |
|
|
|a a j 001zy
|
| 200 |
1 |
|
|a Базы данных: проектирование
|e учебник для академического бакалавриата
|f Н. П. Стружкин, В. В. Годин
|g Государственный университет управления (ГУУ)
|
| 210 |
|
|
|a Москва
|c Юрайт
|d 2016
|
| 215 |
|
|
|a 477 с.
|c ил.
|
| 225 |
1 |
|
|a Бакалавр. Академический курс
|
| 320 |
|
|
|a Библиогр.: с. 469.
|
| 330 |
|
|
|a В учебнике рассматриваются теоретические основы разработки и реализации баз данных. Книга освещает вопросы создания модели базы данных, готовой к внедрению в информационную систему в качестве физической базы данных. В учебнике делается акцент на практическое применение теоретических основ разработки баз данных, учитывая их использование в информационных системах и их формирование на основе знаний о предметной области. Издание является практикоориентированным, и к данной книге предусмотрен отдельный практикум.Содержание учебника соответствует актуальным требованиям Федерального государственного образовательного стандарта высшего образования.Для студентов высших учебных заведений технического и информационного профилей, аспирантов, преподавателей, а также практических работников, ориентированных на создание и внедрение информационных систем, разработчиков баз данных. Учебник также ориентирован на студентов гуманитарных направлений (экономика и менеджмент).
|
| 606 |
1 |
|
|a Базы данных
|2 stltpush
|3 (RuTPU)RU\TPU\subj\27973
|9 51601
|
| 610 |
1 |
|
|a понятия
|
| 610 |
1 |
|
|a модели
|
| 610 |
1 |
|
|a логическое моделирование
|
| 610 |
1 |
|
|a технологии
|
| 610 |
1 |
|
|a инструментальные средства
|
| 610 |
1 |
|
|a физическое моделирование
|
| 610 |
1 |
|
|a проектирование
|
| 610 |
1 |
|
|a учебники
|
| 675 |
|
|
|a 004.65(075.8)
|v 4
|
| 700 |
|
1 |
|a Стружкин
|b Н. П.
|g Николай Павлович
|
| 701 |
|
1 |
|a Годин
|b В. В.
|g Владимир Викторович
|
| 712 |
0 |
2 |
|a Государственный университет управления (ГУУ)
|c (Москва)
|c (1998- )
|2 stltpush
|3 (RuTPU)RU\TPU\col\23
|
| 801 |
|
1 |
|a RU
|b 63413507
|c 20150824
|
| 801 |
|
2 |
|a RU
|b 63413507
|c 20160219
|g RCR
|
| 900 |
|
|
|a Базы данных
|
| 942 |
|
|
|c BK
|
| 951 |
|
|
|l 8.1
|
| 959 |
|
|
|a 80/20150602
|d 5
|e 859,00
|f ЧЗТЛ:1
|f УФ:4
|
| 959 |
|
|
|a 153/20151214
|d 3
|e 859,00
|f ЧЗТЛ:1
|f УФ:2
|